| 000 | 00384nam a2200121 a 4500 | ||
|---|---|---|---|
| 005 | 20140513081053.0 | ||
| 008 | 090911s19uu xx 00 eng d | ||
| 050 |
_aKit _bLIT 1980 |
||
| 245 |
_a3 Mr. Men and little miss / _cHangreaves, Roger. |
||
| 260 |
_aU.S.A : _bOttenheimer pub, _c1980. |
||
| 500 | _aStories on LP casette. Titles: Mr. Funny, Mr. Noisy, Mr. Muddle. | ||
| 999 |
_c116400 _d116400 |
||